[Event "Korcsoportos bajnokság, 16 éves lány"]
[Site "Budapest"]
[Date "2020.10.27"]
[Round "2.1"]
[White "Koltai, Dora"]
[Black "Ivan, Reka Gyongyver"]
[Result "1-0"]
[WhiteElo "1891"]
[BlackElo "1721"]
[PlyCount "117"]
[EventDate "2020.10.24"]
[EventType "tourn"]
[EventRounds "10"]
[EventCountry "HUN"]

1. e4 c6 2. d4 d5 3. exd5 cxd5 4. Bd3 Nc6 5. c3 Nf6 6. Bg5 e6 7. Nd2 Be7 8.
Ngf3 b6 9. O-O O-O 10. Re1 Bb7 11. Ne5 Qc7 12. Ndf3 Nxe5 13. Nxe5 Ne4 14. Bxe7
Qxe7 15. Qh5 Qg5 16. Qf3 h5 17. Qh3 Rfe8 18. Bxe4 dxe4 19. Re3 Rac8 20. Rg3 Qh6
21. Nd7 Re7 22. Qxh5 Qxh5 23. Nf6+ Kh8 24. Nxh5 g6 25. Nf4 Rec7 26. h4 b5 27.
Ne2 a5 28. f3 exf3 29. gxf3 b4 30. Kf2 Ba6 31. h5 Bxe2 32. Kxe2 Kg7 33. hxg6
fxg6 34. Rag1 bxc3 35. Rxg6+ Kf7 36. Rg7+ Ke8 37. Rxc7 Rxc7 38. b3 Kf7 39. Rc1
Ke7 40. Kd3 Kd6 41. Rxc3 Rf7 42. Ke4 Rh7 43. Rc5 Ra7 44. Rb5 Kc6 45. a4 Ra6 46.
Ke5 Kc7 47. Kf6 Kd6 48. f4 Kd7 49. Re5 Rb6 50. Rxa5 Rxb3 51. Ra7+ Kd6 52. Ra6+
Kd5 53. Rxe6 Rh3 54. Re8 Kxd4 55. f5 Rh6+ 56. Kg7 Ra6 57. f6 Rxa4 58. f7 Ra7
59. Kg8 1-0

[Event "Korcsoportos bajnokság, 16 éves lány"]
[Site "Budapest"]
[Date "2020.10.27"]
[Round "2.1"]
[White "Buri, Kata"]
[Black "Toth, Nikoletta"]
[Result "0-1"]
[WhiteElo "1685"]
[BlackElo "1916"]
[PlyCount "32"]
[EventDate "2020.10.24"]
[EventType "tourn"]
[EventRounds "10"]
[EventCountry "HUN"]

1. e4 e5 2. Nf3 Nc6 3. d4 exd4 4. Nxd4 Nf6 5. Nc3 Bb4 6. Nxc6 bxc6 7. Bd3 O-O
8. O-O d5 9. exd5 cxd5 10. Ne2 Bd6 11. Bg5 Bxh2+ 12. Kh1 Bd6 13. Ng3 h6 14.
Bxf6 Qxf6 15. Kg1 Qg5 16. Nh5 Bg4 0-1

[Event "Korcsoportos bajnokság, 16 éves lány"]
[Site "Budapest"]
[Date "2020.10.28"]
[Round "2.2"]
[White "Toth, Nikoletta"]
[Black "Koltai, Dora"]
[Result "1/2-1/2"]
[WhiteElo "1916"]
[BlackElo "1891"]
[PlyCount "58"]
[EventDate "2020.10.24"]
[EventType "tourn"]
[EventRounds "10"]
[EventCountry "HUN"]

1. Nf3 d5 2. g3 c6 3. Bg2 Bg4 4. O-O Nd7 5. d3 e5 6. Nbd2 Ngf6 7. e4 dxe4 8.
Nxe4 Nxe4 9. dxe4 Bc5 10. c3 a5 11. Qb3 Qc7 12. Re1 O-O 13. Be3 Bxe3 14. Rxe3
Nc5 15. Qc2 Rad8 16. a4 Rd7 17. b4 Ne6 18. Rd1 Rxd1+ 19. Qxd1 Rd8 20. Rd3 Bxf3
21. Bxf3 Rxd3 22. Qxd3 axb4 23. cxb4 Nd4 24. Kg2 Qd6 25. Qc3 g6 26. b5 cxb5 27.
axb5 Nxb5 28. Qc8+ Kg7 29. Qxb7 Nd4 1/2-1/2

[Event "Korcsoportos bajnokság, 16 éves lány"]
[Site "Budapest"]
[Date "2020.10.28"]
[Round "2.2"]
[White "Ivan, Reka Gyongyver"]
[Black "Sulyok, Eszter"]
[Result "0-1"]
[WhiteElo "1721"]
[BlackElo "1971"]
[PlyCount "48"]
[EventDate "2020.10.24"]
[EventType "tourn"]
[EventRounds "10"]
[EventCountry "HUN"]

1. d4 g6 2. Bf4 Bg7 3. Nf3 d6 4. Nc3 Nd7 5. Qd2 c5 6. e3 Ngf6 7. Bd3 O-O 8. h4
cxd4 9. exd4 e5 10. dxe5 dxe5 11. Bg5 e4 12. Bxe4 Nxe4 13. Nxe4 Qe8 14. Qe3 h6
15. Bf4 Nb6 16. Nd6 Qc6 17. O-O Nd5 18. Qe4 Nxf4 19. Qxf4 Qxc2 20. Nc4 Be6 21.
Nfe5 b5 22. Ne3 Qxb2 23. N5g4 h5 24. Rfb1 Qd4 0-1

[Event "Korcsoportos bajnokság, 16 éves lány"]
[Site "Budapest"]
[Date "2020.10.29"]
[Round "2.3"]
[White "Sulyok, Eszter"]
[Black "Toth, Nikoletta"]
[Result "1-0"]
[WhiteElo "1971"]
[BlackElo "1916"]
[PlyCount "51"]
[EventDate "2020.10.24"]
[EventType "tourn"]
[EventRounds "10"]
[EventCountry "HUN"]

1. c4 e6 2. g3 d5 3. Bg2 Nf6 4. Nf3 Be7 5. O-O O-O 6. b3 b6 7. Bb2 Bb7 8. Qc2
c5 9. cxd5 Nxd5 10. a3 Bf6 11. Nc3 Nd7 12. Rad1 Qc8 13. Rfe1 Rd8 14. Nb5 Qb8
15. e4 Bxb2 16. exd5 Bf6 17. dxe6 fxe6 18. Rxe6 Bd5 19. Rd6 Nf8 20. Rxd5 Rxd5
21. Qc4 Qb7 22. Ng5 Rad8 23. Nc3 b5 24. Bxd5+ Kh8 25. Bxb7 bxc4 26. Nf7+ 1-0

[Event "Korcsoportos bajnokság, 16 éves lány"]
[Site "Budapest"]
[Date "2020.10.29"]
[Round "2.3"]
[White "Koltai, Dora"]
[Black "Buri, Kata"]
[Result "1-0"]
[WhiteElo "1891"]
[BlackElo "1685"]
[PlyCount "63"]
[EventDate "2020.10.24"]
[EventType "tourn"]
[EventRounds "10"]
[EventCountry "HUN"]

1. e4 c6 2. d4 d5 3. exd5 cxd5 4. Bd3 Nc6 5. c3 Qc7 6. h3 Nf6 7. Nf3 g6 8. O-O
Bg7 9. Re1 O-O 10. Bg5 Bd7 11. Nbd2 h6 12. Bh4 g5 13. Bg3 Qb6 14. Nb3 Rfe8 15.
Ne5 Rad8 16. Bc2 Nxe5 17. Bxe5 Qc6 18. Qd3 b6 19. a4 a5 20. Nd2 g4 21. hxg4
Bxg4 22. Qg3 Bh5 23. Bf5 Kh8 24. Qh4 Bg6 25. Bxg6 fxg6 26. Bf4 h5 27. Nf3 Ng4
28. Ng5 Rf8 29. Ne6 Rxf4 30. Nxf4 Rf8 31. Re6 Bf6 32. Rxc6 1-0

[Event "Korcsoportos bajnokság, 16 éves lány"]
[Site "Budapest"]
[Date "2020.10.29"]
[Round "2.4"]
[White "Buri, Kata"]
[Black "Sulyok, Eszter"]
[Result "0-1"]
[WhiteElo "1685"]
[BlackElo "1971"]
[PlyCount "68"]
[EventDate "2020.10.24"]
[EventType "tourn"]
[EventRounds "10"]
[EventCountry "HUN"]

1. e4 c5 2. Nf3 Nc6 3. c3 d5 4. exd5 Qxd5 5. d4 Bf5 6. Be2 Bxb1 7. Rxb1 cxd4 8.
cxd4 e6 9. a3 Nge7 10. b4 Nf5 11. Bb2 a6 12. O-O Be7 13. Qd2 O-O 14. Rfd1 Bf6
15. Ne5 Ncxd4 16. Ng4 e5 17. Nxf6+ gxf6 18. Bxd4 Nxd4 19. Bh5 Qe6 20. f4 Rad8
21. Qf2 Qf5 22. Qh4 exf4 23. Rf1 f3 24. Rb2 Ne2+ 25. Kh1 Rd4 26. g4 Qd5 27. Qf2
Rd1 28. Rb1 Rxb1 29. Rxb1 Nf4 30. Rf1 Rc8 31. h4 Rc3 32. Kh2 Qe5 33. Re1 Ne2+
34. Kh3 Rc2 0-1

[Event "Korcsoportos bajnokság, 16 éves lány"]
[Site "Budapest"]
[Date "2020.10.29"]
[Round "2.4"]
[White "Toth, Nikoletta"]
[Black "Ivan, Reka Gyongyver"]
[Result "1-0"]
[WhiteElo "1916"]
[BlackElo "1721"]
[PlyCount "135"]
[EventDate "2020.10.24"]
[EventType "tourn"]
[EventRounds "10"]
[EventCountry "HUN"]

1. Nf3 Nf6 2. g3 b6 3. Bg2 Bb7 4. O-O e6 5. b3 Be7 6. Bb2 d6 7. d4 c5 8. c4
cxd4 9. Bxd4 Nbd7 10. Bb2 O-O 11. Nc3 a6 12. Re1 Qc7 13. e4 Rfe8 14. Qe2 Nf8
15. Rad1 Rac8 16. Rd3 Qb8 17. Red1 b5 18. Nd2 Bd8 19. cxb5 axb5 20. Nxb5 Ba6
21. a4 Bxb5 22. axb5 Qxb5 23. Nc4 Rxc4 24. bxc4 Qxc4 25. Qf3 d5 26. exd5 Nxd5
27. h4 Be7 28. Rd4 Qb5 29. Ba1 Nd7 30. Bf1 Qb8 31. Rxd5 exd5 32. Bxg7 Kxg7 33.
Qg4+ Kh8 34. Qxd7 Qd8 35. Qf5 Bf6 36. Bd3 Kg8 37. Qxh7+ Kf8 38. Qh6+ Bg7 39.
Qf4 Re6 40. Bf1 Rf6 41. Qb4+ Kg8 42. Bg2 Rd6 43. Qg4 Rg6 44. Qf5 d4 45. Rc1 Qf6
46. Rc8+ Bf8 47. Qc5 Qd6 48. Qc1 Qd7 49. h5 Rg7 50. h6 Rg6 51. h7+ Kxh7 52.
Rxf8 Kg7 53. Rc8 Qe7 54. Qd2 Rd6 55. Rc1 Qf6 56. Qd3 Rd8 57. Rd1 Rd6 58. Qe4
Kf8 59. Bf1 Rd8 60. Rd3 Qd6 61. Rf3 Re8 62. Qf5 Re7 63. Qh7 Ra7 64. Qh8+ Ke7
65. Qg7 Qd5 66. Qf6+ Kf8 67. Rf5 Qd7 68. Qh8+ 1-0

[Event "Korcsoportos bajnokság, 16 éves lány"]
[Site "Budapest"]
[Date "2020.10.30"]
[Round "2.5"]
[White "Ivan, Reka Gyongyver"]
[Black "Buri, Kata"]
[Result "1-0"]
[WhiteElo "1721"]
[BlackElo "1685"]
[PlyCount "57"]
[EventDate "2020.10.24"]
[EventType "tourn"]
[EventRounds "10"]
[EventCountry "HUN"]

1. d4 Nf6 2. Bf4 b6 3. Nf3 Bb7 4. e3 Nh5 5. Bg5 h6 6. Bh4 g5 7. Bg3 Nxg3 8.
hxg3 Bg7 9. Bd3 c5 10. c3 d6 11. Nbd2 Nd7 12. Qe2 Qc7 13. Rc1 Nf6 14. e4 cxd4
15. Nxd4 e6 16. Nb5 Qd7 17. Nc4 d5 18. Ncd6+ Kf8 19. e5 Ne8 20. Nxe8 Rxe8 21.
Nd6 Rd8 22. O-O Qc7 23. f4 Rxd6 24. exd6 Qxd6 25. f5 exf5 26. Rxf5 Bc8 27. Re1
Bf6 28. Rf2 Kg7 29. Ref1 1-0

[Event "Korcsoportos bajnokság, 16 éves lány"]
[Site "Budapest"]
[Date "2020.10.30"]
[Round "2.5"]
[White "Sulyok, Eszter"]
[Black "Koltai, Dora"]
[Result "1-0"]
[WhiteElo "1971"]
[BlackElo "1891"]
[PlyCount "133"]
[EventDate "2020.10.24"]
[EventType "tourn"]
[EventRounds "10"]
[EventCountry "HUN"]

1. c4 c6 2. g3 d5 3. Bg2 Nf6 4. Nf3 dxc4 5. Na3 Qd5 6. O-O Be6 7. Nc2 g6 8.
Nfd4 Qd7 9. Nxe6 Qxe6 10. Nd4 Qd6 11. Nb5 Qd7 12. Na3 Qe6 13. Qc2 Nbd7 14. Nxc4
Nb6 15. Na5 Rb8 16. d3 Qf5 17. Nxb7 Rxb7 18. Bxc6+ Rd7 19. a4 Bg7 20. a5 Nc8
21. Be4 Nxe4 22. Qxc8+ Rd8 23. Qc6+ Qd7 24. Qxe4 O-O 25. Rb1 Rb8 26. b4 Bc3 27.
Be3 Rfc8 28. Bc5 e6 29. d4 Qa4 30. Rfc1 Bxb4 31. Rc4 Qxa5 32. Rcxb4 Rxb4 33.
Rxb4 Qa1+ 34. Kg2 a5 35. Rb7 Qa2 36. Qf3 e5 37. d5 f5 38. Ba7 a4 39. d6 e4 40.
Qe3 Qd5 41. Rc7 Rf8 42. Qd4 Qxd4 43. Bxd4 Rd8 44. Bf6 Rxd6 45. Rg7+ Kf8 46.
Be7+ Kxg7 47. Bxd6 Kf6 48. f4 Ke6 49. Bf8 Kd5 50. Kf2 Kc4 51. Ke3 Kc3 52. g4
Kc2 53. gxf5 gxf5 54. Kd4 Kd2 55. e3 Ke2 56. Bc5 Kf3 57. Ke5 Kg4 58. h3+ Kxh3
59. Kxf5 h5 60. Kxe4 Kg2 61. Be7 Kg3 62. f5 h4 63. f6 h3 64. f7 h2 65. Bd6+ Kg2
66. Bxh2 a3 67. Be5 1-0

[Event "Korcsoportos bajnokság, 14 éves lány"]
[Site "Budapest"]
[Date "2020.10.24"]
[Round "1.1"]
[White "Alexandrova, Angelina"]
[Black "Molnar, Lidia Emilia"]
[Result "1-0"]
[WhiteElo "1833"]
[BlackElo "1401"]
[PlyCount "47"]
[EventDate "2020.10.24"]
[EventType "tourn"]
[EventRounds "9"]
[EventCountry "HUN"]

1. Nf3 d5 2. d4 Nf6 3. c4 c6 4. g3 dxc4 5. Bg2 Nbd7 6. O-O Nb6 7. Ne5 Nfd5 8.
Qc2 e6 9. a3 Be7 10. Nxc4 Nxc4 11. Qxc4 Nb6 12. Qc2 O-O 13. Rd1 Re8 14. Nc3 Bd7
15. Be4 h6 16. Bf4 Bg5 17. Kh1 Rc8 18. Bh7+ Kh8 19. Ne4 f5 20. Bxf5 exf5 21.
Nd6 Bxf4 22. Nf7+ Kg8 23. Nxd8 Bg5 24. Nxb7 1-0

[Event "Korcsoportos bajnokság, 14 éves lány"]
[Site "Budapest"]
[Date "2020.10.24"]
[Round "1.2"]
[White "Buri, Petra Zsuzsanna"]
[Black "Javorek, Janka"]
[Result "1-0"]
[WhiteElo "1835"]
[BlackElo "1560"]
[PlyCount "73"]
[EventDate "2020.10.24"]
[EventType "tourn"]
[EventRounds "9"]
[EventCountry "HUN"]

1. e4 e5 2. Nf3 Nc6 3. d4 exd4 4. Nxd4 Bc5 5. Nb3 Bb6 6. Nc3 d6 7. Bd3 Nf6 8.
Bg5 Be6 9. h3 Qe7 10. Qd2 O-O-O 11. O-O-O Bxb3 12. cxb3 Ba5 13. Kb1 h6 14. Be3
Nb4 15. Nd5 Nbxd5 16. Qxa5 Nxe3 17. fxe3 Kb8 18. Bc2 Nxe4 19. Rd4 Nc5 20. Rhd1
Qxe3 21. Qxc5 Rde8 22. Qc4 Qf2 23. R4d2 Qf6 24. Be4 Qe6 25. Bd5 Qf5+ 26. Rc2
Re7 27. Qb4 c5 28. Qc4 Rhe8 29. Qb5 Rc8 30. a4 Rcc7 31. a5 Re5 32. Qc4 Rce7 33.
Ka2 Qh5 34. Bf3 Qg6 35. Rcd2 Rd7 36. a6 b6 37. Qb5 1-0

[Event "Korcsoportos bajnokság, 14 éves lány"]
[Site "Budapest"]
[Date "2020.10.24"]
[Round "1.3"]
[White "Vicze, Kata"]
[Black "Vida, Greta"]
[Result "1-0"]
[WhiteElo "1854"]
[BlackElo "1458"]
[PlyCount "71"]
[EventDate "2020.10.24"]
[EventType "tourn"]
[EventRounds "9"]
[EventCountry "HUN"]

1. e4 c5 2. Nf3 Nc6 3. Nc3 d6 4. d4 cxd4 5. Nxd4 Nf6 6. Bg5 e6 7. Qd2 Be7 8.
O-O-O O-O 9. f3 Bd7 10. h4 Qa5 11. Nb3 Qd8 12. Nb5 d5 13. Bxf6 Bxf6 14. exd5
exd5 15. Qxd5 Be6 16. Qe4 Qe7 17. Bd3 g6 18. h5 Nb4 19. hxg6 hxg6 20. Kb1 Rfc8
21. Rde1 Nxd3 22. Qxd3 Bc4 23. Qd2 Rd8 24. Rxe7 Rxd2 25. Nxd2 Bxe7 26. Nxc4 Rc8
27. Nbd6 Rc6 28. Rd1 b5 29. Nxb5 Rxc4 30. Nxa7 Rc7 31. Nb5 Rb7 32. a4 Kg7 33.
c4 Bb4 34. Rd5 Rb8 35. b3 Kh6 36. Kc2 1-0

[Event "Korcsoportos bajnokság, 14 éves lány"]
[Site "Budapest"]
[Date "2020.10.24"]
[Round "1.4"]
[White "Kovacs, Veronika"]
[Black "Kiraly, Lilla Virag"]
[Result "1-0"]
[WhiteElo "1681"]
[BlackElo "1690"]
[PlyCount "93"]
[EventDate "2020.10.24"]
[EventType "tourn"]
[EventRounds "9"]
[EventCountry "HUN"]

1. d4 Nf6 2. c4 e6 3. Nc3 Bb4 4. Bg5 c5 5. Bxf6 Qxf6 6. e3 Nc6 7. Nf3 O-O 8.
Be2 b6 9. O-O Bxc3 10. bxc3 d6 11. Nd2 Bb7 12. Bf3 Rfd8 13. Nb3 Rac8 14. d5 Ne5
15. Be2 Ba6 16. Nd2 Bb7 17. f4 Ng6 18. Ne4 Qe7 19. Ng3 exd5 20. Nf5 Qe4 21. Bd3
Qe6 22. cxd5 Qxd5 23. e4 Qc6 24. h4 Rc7 25. Qg4 Bc8 26. h5 Bxf5 27. exf5 Nf8
28. f6 g6 29. Qg5 d5 30. f5 c4 31. fxg6 fxg6 32. hxg6 hxg6 33. Bxg6 Nxg6 34.
Qxg6+ Kf8 35. Qh6+ Kf7 36. Qg7+ Ke6 37. Rae1+ Kd6 38. Qg3+ Kc5 39. Qe3+ Kb5 40.
f7 Rf8 41. Qe8 Rc8 42. Qe7 Ka6 43. Re6 Qa4 44. Rd6 Qb5 45. Rd7 Ra8 46. Rxa7+
Rxa7 47. Qxf8 1-0

[Event "Korcsoportos bajnokság, 14 éves lány"]
[Site "Budapest"]
[Date "2020.10.25"]
[Round "2.1"]
[White "Vida, Greta"]
[Black "Kovacs, Veronika"]
[Result "0-1"]
[WhiteElo "1458"]
[BlackElo "1681"]
[PlyCount "102"]
[EventDate "2020.10.24"]
[EventType "tourn"]
[EventRounds "9"]
[EventCountry "HUN"]

1. e4 c6 2. Nf3 d5 3. exd5 cxd5 4. Nc3 Nf6 5. d4 Nc6 6. a3 Bg4 7. Be2 e6 8. h3
Bh5 9. O-O Bd6 10. Re1 O-O 11. Bg5 Be7 12. Ne5 Bg6 13. Nxg6 hxg6 14. Bf3 Qb6
15. b4 Qxd4 16. Ne2 Qb6 17. Be3 Qc7 18. Nd4 a6 19. Nxc6 Qxc6 20. Rc1 b5 21. h4
Rfd8 22. Kh2 Bd6+ 23. g3 e5 24. h5 e4 25. Bg4 gxh5 26. Bxh5 g6 27. Be2 Kg7 28.
Bd4 Rh8+ 29. Kg2 Rad8 30. Rh1 Rxh1 31. Qxh1 Qc7 32. Qh4 Be5 33. Rh1 Kf8 34.
Qh8+ Ke7 35. Bc5+ Kd7 36. Qh3+ Kc6 37. Rd1 Qb8 38. f3 Rh8 39. Qxh8 Qxh8 40. f4
Bc7 41. Rh1 Qd8 42. Bd4 Bb6 43. c3 Bxd4 44. cxd4 Qb6 45. Rd1 a5 46. Rc1+ Kd6
47. Rc5 axb4 48. axb4 Nd7 49. Bxb5 Qa7 50. Rc6+ Ke7 51. Rc5 Nxc5 0-1

[Event "Korcsoportos bajnokság, 14 éves lány"]
[Site "Budapest"]
[Date "2020.10.25"]
[Round "2.2"]
[White "Javorek, Janka"]
[Black "Vicze, Kata"]
[Result "0-1"]
[WhiteElo "1560"]
[BlackElo "1854"]
[PlyCount "68"]
[EventDate "2020.10.24"]
[EventType "tourn"]
[EventRounds "9"]
[EventCountry "HUN"]

1. d4 d5 2. c4 e6 3. Nc3 Nf6 4. Bg5 Nbd7 5. e3 c6 6. Nf3 Qa5 7. Bxf6 Nxf6 8.
Nd2 Bb4 9. Qc2 O-O 10. Bd3 h6 11. O-O Bd6 12. Nf3 Qc7 13. Rac1 Bd7 14. Rfe1
Rac8 15. Qd2 Qb8 16. Rc2 Nh5 17. h3 f5 18. cxd5 exd5 19. Rcc1 Rce8 20. Re2 Nf6
21. Qc2 Ne4 22. Bxe4 fxe4 23. Nd2 Qd8 24. Qb3 Re6 25. Qxb7 Rg6 26. Kh1 Qg5 27.
f4 exf3 28. Nxf3 Rxf3 29. Nxd5 Qg3 30. Nf4 Rxf4 31. exf4 Bxf4 32. Qb3+ Qxb3 33.
axb3 Bxc1 34. Re7 Rd6 0-1

[Event "Korcsoportos bajnokság, 14 éves lány"]
[Site "Budapest"]
[Date "2020.10.25"]
[Round "2.3"]
[White "Molnar, Lidia Emilia"]
[Black "Buri, Petra Zsuzsanna"]
[Result "0-1"]
[WhiteElo "1401"]
[BlackElo "1835"]
[PlyCount "62"]
[EventDate "2020.10.24"]
[EventType "tourn"]
[EventRounds "9"]
[EventCountry "HUN"]

1. d4 Nf6 2. Bf4 d6 3. e3 Nbd7 4. h3 e5 5. Bh2 exd4 6. exd4 Be7 7. Nf3 Nb6 8.
Bd3 Be6 9. Nbd2 Qd7 10. c3 h6 11. Qc2 Nbd5 12. Ne4 Nh5 13. Qd2 g5 14. g4 Nhf4
15. c4 Nxd3+ 16. Qxd3 Nb4 17. Qc3 Qa4 18. b3 Qa5 19. Ke2 d5 20. Ned2 Qb6 21. a3
Nc6 22. c5 Qa6+ 23. Qd3 Qxd3+ 24. Kxd3 O-O-O 25. Rhe1 h5 26. Be5 Rh7 27. gxh5
Rxh5 28. Rh1 f6 29. Bg3 Bxh3 30. b4 Rdh8 31. Rae1 Bf5+ 0-1

[Event "Korcsoportos bajnokság, 14 éves lány"]
[Site "Budapest"]
[Date "2020.10.25"]
[Round "2.4"]
[White "Harkai, Emma"]
[Black "Alexandrova, Angelina"]
[Result "0-1"]
[WhiteElo "1335"]
[BlackElo "1833"]
[PlyCount "108"]
[EventDate "2020.10.24"]
[EventType "tourn"]
[EventRounds "9"]
[EventCountry "HUN"]

1. e4 e6 2. d4 d5 3. exd5 exd5 4. Bd3 Bd6 5. Nf3 Nc6 6. O-O Bg4 7. c3 Nge7 8.
Nbd2 Qd7 9. b4 O-O 10. Re1 Ng6 11. Qc2 Rfe8 12. Bb2 a5 13. b5 Nce7 14. a4 h6
15. c4 dxc4 16. Bxc4 Nf4 17. Qb3 Be6 18. Bxe6 Nxe6 19. Nc4 Bb4 20. Red1 Qd5 21.
Nfe5 Nf4 22. Qf3 Qxf3 23. Nxf3 Ned5 24. Nce5 f6 25. Nd3 Nxd3 26. Rxd3 Re2 27.
Ba3 Bc3 28. Rc1 Rae8 29. g3 Bb2 30. Rc5 Bxa3 31. Rxa3 Rd8 32. Kf1 Re4 33. Rd3
Kf7 34. Rc1 Rde8 35. Rc5 Rd8 36. Rc1 Re7 37. Rd2 Red7 38. Re1 g5 39. h3 h5 40.
g4 Nf4 41. gxh5 Nxh3 42. Red1 Nf4 43. h6 Kg6 44. Nh2 Kxh6 45. Ng4+ Kg6 46. f3
Rh8 47. Rh2 Rxh2 48. Nxh2 Ne6 49. d5 Nf4 50. Ng4 Rxd5 51. Rc1 Ne6 52. Ne3 Rd4
53. Nc4 b6 54. Ke2 Nc5 0-1

[Event "Korcsoportos bajnokság, 14 éves lány"]
[Site "Budapest"]
[Date "2020.10.25"]
[Round "3.1"]
[White "Buri, Petra Zsuzsanna"]
[Black "Harkai, Emma"]
[Result "0-1"]
[WhiteElo "1835"]
[BlackElo "1335"]
[PlyCount "84"]
[EventDate "2020.10.24"]
[EventType "tourn"]
[EventRounds "9"]
[EventCountry "HUN"]

1. e4 e6 2. d4 d5 3. Nd2 Nf6 4. e5 Nfd7 5. Bd3 c5 6. c3 Nc6 7. Ngf3 Qb6 8. a4
a5 9. Bb5 cxd4 10. Bxc6 bxc6 11. cxd4 Ba6 12. Qb3 Bb4 13. Qe3 c5 14. Kd1 cxd4
15. Nxd4 Rb8 16. Ra2 Qc7 17. f4 Nc5 18. f5 Nd3 19. Ra1 Rc8 20. N2f3 exf5 21. g3
O-O 22. Rb1 Rfe8 23. Bd2 Nxe5 24. Rc1 Qb8 25. Rxc8 Bxc8 26. Bxb4 Qxb4 27. Re1
f6 28. b3 Bd7 29. Qd2 Qxd2+ 30. Kxd2 Nxf3+ 31. Nxf3 Rxe1 32. Nxe1 Kf7 33. Kd3
Ke6 34. Kd4 g5 35. Nd3 Kd6 36. Nc5 Bc8 37. Nd3 h5 38. h4 Ba6 39. Nc5 f4 40.
Nxa6 fxg3 41. Ke3 d4+ 42. Kf3 d3 0-1

[Event "Korcsoportos bajnokság, 14 éves lány"]
[Site "Budapest"]
[Date "2020.10.25"]
[Round "3.2"]
[White "Vicze, Kata"]
[Black "Molnar, Lidia Emilia"]
[Result "1-0"]
[WhiteElo "1854"]
[BlackElo "1401"]
[PlyCount "32"]
[EventDate "2020.10.24"]
[EventType "tourn"]
[EventRounds "9"]
[EventCountry "HUN"]

1. e4 c5 2. Nf3 Nc6 3. Nc3 g6 4. d4 cxd4 5. Nxd4 Bg7 6. Be3 Nf6 7. Bc4 d6 8.
Bb3 O-O 9. f3 Bd7 10. Qd2 a6 11. O-O-O Nxd4 12. Bxd4 b5 13. g4 Qc7 14. h4 Rfc8
15. g5 Ne8 16. Nd5 Rcb8 1-0

[Event "Korcsoportos bajnokság, 14 éves lány"]
[Site "Budapest"]
[Date "2020.10.25"]
[Round "3.3"]
[White "Kovacs, Veronika"]
[Black "Javorek, Janka"]
[Result "0-1"]
[WhiteElo "1681"]
[BlackElo "1560"]
[PlyCount "68"]
[EventDate "2020.10.24"]
[EventType "tourn"]
[EventRounds "9"]
[EventCountry "HUN"]

1. d4 d5 2. c4 e6 3. Nc3 Nf6 4. cxd5 exd5 5. Bg5 c6 6. Qc2 Be7 7. e3 Nbd7 8.
Bd3 h6 9. Bh4 Nb6 10. Nge2 Be6 11. f3 O-O 12. O-O Rc8 13. Bf2 Bd6 14. e4 dxe4
15. fxe4 Ng4 16. e5 Nxf2 17. Rxf2 Be7 18. Rd1 Nd5 19. Nxd5 Qxd5 20. Nf4 Qxa2
21. Rff1 Bb3 22. Qb1 Qxb1 23. Rxb1 Bg5 24. Ra1 a6 25. Bf5 Rcd8 26. Ra3 Bc4 27.
Rff3 Rxd4 28. Nd3 Rfd8 29. Nf2 Rd2 30. b3 Bb5 31. Ra1 Re2 32. Ne4 Re8 33. Rd1
g6 34. Bg4 Rxe4 0-1

[Event "Korcsoportos bajnokság, 14 éves lány"]
[Site "Budapest"]
[Date "2020.10.25"]
[Round "3.4"]
[White "Kiraly, Lilla Virag"]
[Black "Vida, Greta"]
[Result "1-0"]
[WhiteElo "1690"]
[BlackElo "1458"]
[PlyCount "63"]
[EventDate "2020.10.24"]
[EventType "tourn"]
[EventRounds "9"]
[EventCountry "HUN"]

1. e4 c5 2. Nc3 Nc6 3. g3 Nf6 4. Bg2 d6 5. d3 e6 6. Be3 Be7 7. f4 d5 8. Bf2 d4
9. Nb1 O-O 10. h3 b5 11. Nf3 Bb7 12. g4 h6 13. Nfd2 Nh7 14. f5 Bh4 15. Qe2 exf5
16. gxf5 Rc8 17. Nf3 Ng5 18. Nxh4 Re8 19. Nd2 Ne5 20. Nhf3 Ngxf3+ 21. Bxf3 c4
22. Bg3 cxd3 23. cxd3 Nxf3+ 24. Qxf3 Qa5 25. Rg1 Rc6 26. Qg2 g5 27. h4 f6 28.
Qe2 Kh7 29. Qh5 Re7 30. Qg6+ Kh8 31. Qxh6+ Rh7 32. Qf8# 1-0

[Event "Korcsoportos bajnokság, 14 éves lány"]
[Site "Budapest"]
[Date "2020.10.26"]
[Round "4.1"]
[White "Javorek, Janka"]
[Black "Kiraly, Lilla Virag"]
[Result "0-1"]
[WhiteElo "1560"]
[BlackElo "1690"]
[PlyCount "54"]
[EventDate "2020.10.24"]
[EventType "tourn"]
[EventRounds "9"]
[EventCountry "HUN"]

1. d4 Nf6 2. c4 e6 3. Nc3 Bb4 4. Bd2 O-O 5. Nf3 d5 6. e3 b6 7. cxd5 exd5 8. Qc2
Bxc3 9. Qxc3 Ne4 10. Qc2 Nd7 11. Bd3 Ndf6 12. Bb4 Re8 13. Rc1 c5 14. dxc5 bxc5
15. Bxc5 Bg4 16. Qd1 Qa5+ 17. b4 Qxa2 18. Rc2 Qa4 19. Be2 a5 20. h3 axb4 21.
O-O Bxf3 22. gxf3 b3 23. Rc1 Ng5 24. Bd4 Nxh3+ 25. Kh2 Ng5 26. Rg1 h6 27. Bxf6
Qh4+ 0-1

[Event "Korcsoportos bajnokság, 14 éves lány"]
[Site "Budapest"]
[Date "2020.10.26"]
[Round "4.2"]
[White "Molnar, Lidia Emilia"]
[Black "Kovacs, Veronika"]
[Result "0-1"]
[WhiteElo "1401"]
[BlackElo "1681"]
[PlyCount "60"]
[EventDate "2020.10.24"]
[EventType "tourn"]
[EventRounds "9"]
[EventCountry "HUN"]

1. d4 d5 2. Bf4 Nf6 3. e3 e6 4. Nf3 Bd6 5. Bg3 c5 6. c3 Nc6 7. Nbd2 O-O 8. Bd3
Qe7 9. Ne5 Nd7 10. Nxd7 Bxd7 11. Bxd6 Qxd6 12. dxc5 Qxc5 13. Bxh7+ Kxh7 14.
Qh5+ Kg8 15. Ne4 Qc4 16. Ng5 Rfd8 17. Qxf7+ Kh8 18. Qh5+ Kg8 19. Qh7+ Kf8 20.
Qh8+ Ke7 21. Qxg7+ Kd6 22. Nf7+ Kc7 23. Nxd8 Rxd8 24. h4 Kb8 25. h5 Nb4 26.
cxb4 Bb5 27. Qg3+ Ka8 28. Qf3 Qxb4+ 29. Kd1 Qxb2 30. Qh3 Qe2+ 0-1

[Event "Korcsoportos bajnokság, 14 éves lány"]
[Site "Budapest"]
[Date "2020.10.26"]
[Round "4.3"]
[White "Harkai, Emma"]
[Black "Vicze, Kata"]
[Result "1-0"]
[WhiteElo "1335"]
[BlackElo "1854"]
[PlyCount "75"]
[EventDate "2020.10.24"]
[EventType "tourn"]
[EventRounds "9"]
[EventCountry "HUN"]

1. e4 c5 2. Nf3 Nc6 3. g3 g6 4. Bg2 Bg7 5. O-O e6 6. Re1 Nge7 7. c3 Qb6 8. Na3
d5 9. e5 O-O 10. d4 a6 11. Nc2 Bd7 12. b3 a5 13. Rb1 cxd4 14. Ncxd4 Rfc8 15.
Qd3 Nxd4 16. cxd4 Bb5 17. Qd1 Nc6 18. a3 Rc7 19. Bb2 Rac8 20. Qd2 a4 21. b4 Nb8
22. Rbc1 Bc4 23. Qe3 Nd7 24. Nd2 Qb5 25. Nxc4 dxc4 26. Bc3 Nb6 27. h4 h5 28.
Qg5 Nd5 29. g4 Kh7 30. gxh5 Bh6 31. hxg6+ fxg6 32. Qg4 Bxc1 33. Rxc1 Qe8 34.
Be4 Rg7 35. h5 Qf8 36. hxg6+ Kh8 37. Qh3+ Kg8 38. Qxe6+ 1-0

[Event "Korcsoportos bajnokság, 14 éves lány"]
[Site "Budapest"]
[Date "2020.10.26"]
[Round "4.4"]
[White "Alexandrova, Angelina"]
[Black "Buri, Petra Zsuzsanna"]
[Result "1/2-1/2"]
[WhiteElo "1833"]
[BlackElo "1835"]
[PlyCount "53"]
[EventDate "2020.10.24"]
[EventType "tourn"]
[EventRounds "9"]
[EventCountry "HUN"]

1. e4 e5 2. Nf3 Nc6 3. Bb5 a6 4. Bxc6 dxc6 5. O-O Bg4 6. h3 Bxf3 7. Qxf3 Nf6 8.
Qb3 Rb8 9. d3 Bc5 10. Nd2 O-O 11. Nc4 Nd7 12. Kh1 b5 13. Na5 Qf6 14. Qc3 Qd6
15. a3 f5 16. Be3 Rb6 17. exf5 Rxf5 18. b4 Bd4 19. Qb3+ Kh8 20. c3 Bxe3 21.
fxe3 Rg5 22. d4 h6 23. a4 Nf6 24. Qc2 exd4 25. exd4 Nh5 26. Rfe1 Qd7 27. Nb3
1/2-1/2